000 00438nam a2200181Ia 4500
001 22833
005 20260414150857.0
008 260414t2015||||xx |||||||||||||| ||spa||
041 _aESP
082 _a624.151
_bH21
100 _aHan, Jie
_eAUT
245 0 _aPrinciples and practice of ground improvement
_b
260 _c2015
300 _axiv, 418 páginas :
_c28 cm.
650 _a0
654 _aCIC
942 _cLIB
_dJUS
_fJUS
_2ddc
_n
999 _c22833
_d22833